000 00389nam a2200157Ia 4500
008 210210b1943 xxu||||| |||| 00| 0 eng d
082 _a544/109
100 _aMACDOUGALL (Frank H)
245 _aPhysical chemistry
260 _aNew York
_bThe Macmillan Company
_c1943
300 _a722
650 _aPhysical
650 _achemistry
690 _aInorganic Chemistry
906 _a009765
999 _c128092
_d128092